Introducción al problema social /

Guardado en:
Bibliografiske detaljer
Hovedforfatter: Rábago Virgen, Federico (autor)
Format: Bog
Sprog:spansk
Udgivet: León, México : Universidad Iberoamericana, Plantel León, 1999, c1999
Serier:(Apuntes ; 1)
Fag:
Tags: Tilføj Tag
Ingen Tags, Vær først til at tagge denne postø!

MARC

LEADER 00000nam^a2200000^a^4500
001 000354821
005 20250521000000.0
009 20260310115145.768
020 |a 968-5123-00-4 
037 |a Acervo ITESO - Biblioteca 
041 |a ESP 
082 |a 300. 1  |b RAB 
100 |a Rábago Virgen, Federico  |e (autor) 
245 1 0 |a Introducción al problema social /  |c F. Rábago Virgen ; pról. de Leonor Eugenia Estudillo San Vicente. 
264 4 |a León, México :  |b Universidad Iberoamericana, Plantel León,  |c 1999, c1999 
300 |a 54 p. 
336 |a texto  |b txt  |2 rdacontenido 
337 |a sin mediación  |b n  |2 rdamedio 
338 |a volumen  |b nc  |2 rdasoporte 
440 1 |a (Apuntes ;  |v 1) 
649 |a XX 
650 |a Hombre 
650 |a Comportamiento Social 
650 |a Interacción Social 
650 |a Problemas Sociales -  |x Tema Principal 
650 |a Ciencias Sociales 
910 |a Fondo General 
920 |a Impresos - Libros 
930 |a Colección General 
905 |a 101 
901 |a 0500247491  |b IT1  |c ACC  |i D64096  |u 20250521 
902 |a https://opac.biblio.iteso.mx/vufind/Record/000354821